| 000 | 01283cam a2200217 4500 | ||
|---|---|---|---|
| 001 | L129836 | ||
| 008 | 050527n2005 000 0 eng u | ||
| 035 | _a(Sirsi) u129836 | ||
| 041 | _aeng | ||
| 050 |
_a306 _c18 |
||
| 110 |
_aChartered Institute of Housing _92394 |
||
| 245 |
_aGood practice briefing _banti-social behaviour - issue 30 May 2005 |
||
| 260 |
_aCoventry _bChartered Institute of Housing _c2005 |
||
| 300 |
_a19p. _c30cm |
||
| 490 |
_aCIH Good Practice Briefing _v30 |
||
| 520 | _aThis Chartered Institute of Housing good practice briefing covers many of the latest initiatives, which have successfully combated anti-social behaviour across the UK. Examines the Anti-social Behaviour Act 2003, the Anti-social Behaviour (Scotland) Act 2004, the legal remedies available to landlords to tackle anti-social behaviour, partnership working and information sharing. Looks also at the themes of supporting victims and witnesses, drugs, young people and anti-social behaviour, environmental anti-social behaviour and selects 10 key messages. Provides list of useful websites. | ||
| 650 | _aANTI-SOCIAL BEHAVIOUR ACT 2003 | ||
| 650 | _aANTI-SOCIAL BEHAVIOUR (SCOTLAND) ACT 2004 | ||
| 690 | _aPROPERTY-RESIDENTIAL PROPERTY-RESIDENTIAL LANDLORD AND TENANT | ||
| 942 | _n0 | ||
| 999 |
_c104293 _d104293 |
||